Statistics for the Beatles Trivia (lyrics and knowledge about the beatles)

Click here to take the quiz!

General Stats

  • This quiz has been taken 837 times
  • The average score is 10 of 14

Answer Stats

Answer% Correct
In which city were all four Beatles born?Liverpool
95%
On the Abbey Road album cover, which Beatle has a cigarette in his hand?Paul
92%
In what year was George Harrison born? (example 1950)1943
85%
What is Ringo Starr's real full name?Richard Starkey
82%
Lyrics from which song?: You think you've lost your love? well i saw her yesterday.She Loves You
75%
Which song?: Let me take you down 'cause I'm going toStrawberry Fields Forever
73%
What was the name of John Lennon's mother?Julia
68%
Fill in: Dear Prudence, greet the ____ new day.Brand
68%
What is Paul's first name?James
66%
Fill in: take these _____ eyes and learn to see.Sunken
58%
Which song?: There were bells on a hill but i never heard them ringing.Till There Was You
53%
That was the Quiz. Only one final Question remains, If you know the answer to this, you are a real Beatlemaniac: Type the word. (if you know what I mean)Love
51%
Which song?: You don't look different but you have changed.I'm Looking Through You
50%
Fill in: I don't know how you were inverted. No one _____ you.Alerted
44%

Score Distribution

Percentile by Number Answered

Percent of People with Each Score

Your Score History

You have not taken this quiz